000 00533nam a2200193Ia 4500
005 20250319013048.0
008 240331s9999 xx 000 0 und d
020 _a9555800081
082 _bCOO
_26578
_a342
100 _aCoomaraswamy, R
245 0 _aIdeology and the Constitution:
_bEssays on Constitutional Jurisprudence
260 _aColombo,
_bInternational Centre for Ethnic Studies
300 _a178 p.,
650 _aConstitution
650 _aJurisprudence
650 _aHuman Rights
650 _aPolitics
942 _cL
999 _c4978
_d4978